000 00575nam a2200229Ia 4500
003 OSt
005 20220918175114.0
006 a|||||r|||| 00| 0
007 ta
008 220917b |||||||| |||| 00| 0 eng d
024 _a15,707
037 _cTextual
040 _aARTS
_cARTS
_beng
041 _2eng
_aeng
082 _aO:x, J93-;1
100 _aWebster Barbara
_952918
245 0 _aCountry matters
_b An ainthology
260 _c1959
650 _aENGLISH LITERATURE
942 _hO:x, J93-;1
_cTEXL
_2CC
999 _c156104
_d156104